Central Library OPAC University of Rajshahi

Arab administration / (Record no. 32875)

MARC details
000 -LEADER
fixed length control field 00794nam a2200253 4500
001 - CONTROL NUMBER
control field 32875
003 - CONTROL NUMBER IDENTIFIER
rucl marc code BD-RjUL
005 - DATE AND TIME OF LATEST TRANSACTION
control field 20211209051917.0
008 - FIXED-LENGTH DATA ELEMENTS--GENERAL INFORMATION
fixed length control field 140428s1949 pk b b 001 0 eng
035 ## - SYSTEM CONTROL NUMBER
System control number (BD-RjUL)32965
-- (OCoLC)ocm16865078
040 ## - CATALOGING SOURCE
Original cataloging agency DLC
Transcribing agency WAU
Language of cataloging eng
Modifying agency BD-RjUL
041 ## - LANGUAGE CODE
Language code of text/sound track or separate title eng
082 00 - DEWEY DECIMAL CLASSIFICATION NUMBER
Classification number 297.1977
Author mark and year HUA 1949
100 1# - MAIN ENTRY--PERSONAL NAME
Personal name Husaini, Abdul Qadir,
9 (RLIN) 62378
245 10 - TITLE STATEMENT
Title Arab administration /
Statement of responsibility, etc. by S.A.Q. Husaini.
260 ## - PUBLICATION, DISTRIBUTION, ETC. (IMPRINT)
Place of publication, distribution, etc. Lahore :
Name of publisher, distributor, etc. Sh. Muhammad Ashraf,
Date of publication, distribution, etc. 1949.
300 ## - PHYSICAL DESCRIPTION
Pagination xv, 269 p. :
Illustrations ill. ;
Size 22 cm.
504 ## - BIBLIOGRAPHY, ETC. NOTE
Bibliography, etc Includes bibliographical references (p. [248]-250) and index.
650 #0 - SUBJECT ADDED ENTRY--TOPICAL TERM
Topical term or geographic name as entry element Islam and state.
9 (RLIN) 99936
651 #0 - SUBJECT ADDED ENTRY--GEOGRAPHIC NAME
Geographic name Arab countries
General subdivision Politics and government.
9 (RLIN) 99937
942 ## - ADDED ENTRY ELEMENTS (KOHA)
Source of classification or shelving scheme Dewey Decimal Classification
Koha item type Books
Holdings
Lost status Source of classification or shelving scheme Damaged status Not for loan Collection code Permanent Location Current Location Shelving location Date acquired Source of acquisition Cost, normal purchase price Total Checkouts Full call number Date last seen Copy number Koha item type
  Dewey Decimal Classification     Non-fiction Central Library, University of Rajshahi Central Library, University of Rajshahi   25/09/1966 A. I. Qurashi 14.40   297.1977 HUA 1949 28/04/2014 C-8 Books
  Dewey Decimal Classification     Non-fiction Central Library, University of Rajshahi Central Library, University of Rajshahi   04/01/1963 Asia Foundation, Gift. 0.00   297.1977 HUA 1949 29/04/2014 C-7 Books